|
|
|
|
| LEADER |
00000cam a2200000 a 4500 |
| 001 |
vtls010605500 |
| 003 |
SK-MaSNL |
| 005 |
20260301090626.0 |
| 008 |
160429s2014 xo oa g 000 0 slo |
| 015 |
|
|
|a SNBA2014/10
|
| 020 |
|
|
|a 9788089590803 (brož.)
|
| 035 |
|
|
|a C231EA07-F53B-457B-84C7-EC785D9B3CEF
|
| 035 |
|
|
|a urn:nbn:sk:snk-amkcp0
|
| 035 |
|
|
|a urn:nbn:sk:snk-am003wge
|
| 040 |
|
|
|a SNK
|b slo
|c SNK
|e AACR2
|
| 041 |
1 |
|
|a slo
|h hun
|
| 044 |
|
|
|a xo
|c SK
|
| 072 |
|
7 |
|a 74
|x Kresba. Umelecké remeslá
|2 konspekt
|
| 072 |
|
7 |
|a 0/9-053.2
|x Literatúra pre deti a mládež (náučná)
|2 konspekt
|
| 080 |
|
|
|a 746
|2 2001
|
| 080 |
|
|
|a 745.54
|2 2001
|
| 080 |
|
|
|a 73/77.02
|2 2001
|
| 080 |
|
|
|a (0.053.2)
|2 2001
|
| 080 |
|
|
|a (035)
|2 2001
|
| 245 |
0 |
0 |
|a Papierové koláže
|c [modely: Ágnes Pető ; fotky: Thinkstock ; preklad: Monika Srnková]
|
| 260 |
|
|
|a Nové Zámky
|b Ex book
|c 2014
|
| 300 |
|
|
|a 31 s.
|b fotogr., ilustr.
|c 25 cm
|
| 650 |
0 |
7 |
|a ručné práce
|2 SNKPH
|9 3095
|
| 650 |
0 |
7 |
|a výtvarné práce z papiera
|2 SNKPH
|9 68238
|
| 650 |
0 |
7 |
|a koláže
|2 SNKPH
|9 3044
|
| 650 |
0 |
7 |
|a Handicrafts
|2 SNKPHeng
|9 270743
|
| 650 |
0 |
7 |
|a Paper work
|2 SNKPHeng
|9 325107
|
| 650 |
0 |
7 |
|a Collages
|2 SNKPHeng
|9 368500
|
| 655 |
|
7 |
|a publikácie pre deti
|2 SNKPH
|9 70148
|
| 655 |
|
7 |
|a príručky
|2 SNKPH
|9 74364
|
| 655 |
|
7 |
|a Handbooks, manuals, etc.
|2 SNKPheng
|9 90964
|
| 655 |
|
7 |
|a Children's literature
|2 SNKPHeng
|9 276039
|
| 700 |
1 |
|
|a Pető, Ágnes
|4 oth
|9 418713
|
| 700 |
1 |
|
|a Srnková, Monika
|4 trl
|9 135381
|
| 710 |
2 |
|
|a Thinkstock
|4 pht
|9 335270
|
| 852 |
|
|
|a Štátna vedecká knižnica v Banskej Bystrici
|
| 919 |
|
|
|a 978-80-89590-80-3
|
| 958 |
|
|
|a OP
|
| 968 |
|
|
|b HUN
|
| 999 |
|
|
|c 668721
|d 670651
|
| 952 |
|
|
|a SNK
|b SNK
|y PREZ
|7 0
|p 17A1117315
|o snkSC 161213
|i snk2014/21120
|8 0
|0 0
|1 0
|4 0
|d 2014-10-09
|f 1
|l 0
|r 2025-08-25 00:00:00
|w 2026-02-23
|
| 952 |
|
|
|a SNK
|b SNK
|y VYP
|7 0
|p 17A1117316
|o snkSC 161213 D1
|i snk2014/21121
|8 0
|0 0
|1 0
|4 0
|d 2014-10-09
|l 0
|r 2026-02-23 19:18:07
|w 2026-02-23
|